Galantis Songs & Discography - Statistics

General Stats
  • This quiz has been taken 11 times
    5 since last reset
  • The average score is 12 of 68
Answer Stats
Year Artist Title Remix % Correct
2017 Galantis Hunter
60%
2016 Galantis Peanut Butter Jelly Maxum & Galantis Remix
60%
2014 Galantis Runaway (U & I)
60%
2019 Galantis & Dolly Parton ft. Mr Probz Faith
40%
2017 Selena Gomez ft. Gucci Mane Fetish Galantis Remix
40%
2016 Galantis No Money
40%
2015 Galantis Peanut Butter Jelly
40%
2017 Ed Sheeran Shape Of You Galantis Remix
40%
2014 Galantis You
40%
2019 Galantis ft. OneRepublic Bones
20%
2015 Galantis Call If You Need Me
20%
2015 Galantis Dancin' to the Sound of a Broken Heart
20%
2016 Peter Bjorn and John Dominos Galantis Remix
20%
2020 Galantis ft. flyckt Feel Something
20%
2015 Galantis Forever Tonight
20%
2014 Galantis Friend (Hard Times)
20%
2017 Galantis & ROZES Girls on Boys
20%
2015 Galantis Gold Dust
20%
2014 Galantis Help
20%
2017 Galantis Hey Alligator
20%
2020 Galantis & John Newman Hurricane
20%
2020 Galantis I Fly
20%
2019 Galantis & Passion Pit I Found U
20%
2015 Galantis In My Head
20%
2016 Galantis In My Head Misha K & Galantis Remix
20%
2015 Galantis Kill 'Em With The Love
20%
2016 Galantis Louder Harder Better
20%
2016 Galantis Love On Me
20%
2020 Galantis & Bali Bandits Miracle
20%
2020 Galantis & Hook N Sling ft. Dotan Never Felt A Love Like This
20%
2020 Galantis, Ship Wreck & Pink Sweats Only a Fool
20%
2014 Galantis Revolution
20%
2019 Galantis ft. Valerie Broussard Roots
20%
2017 Galantis ft. Poo Bear Salvage (Up All Night)
20%
2018 Galantis ft. Sofia Carson San Francisco
20%
2018 Galantis ft. MAX Satisfied
20%
2014 Galantis Smile
20%
2018 Galantis ft. Uffie Spaceship
20%
2020 Galantis Steel
20%
2020 Galantis Stella
20%
2017 Galantis & Throttle Tell Me You Love Me
20%
2020 Galantis & Wrabel The Lake
20%
2017 Sam Smith Too Good At Goodbyes Galantis Remix
20%
2017 Galantis True Feeling
20%
2020 Galantis Unless It Hurts
20%
2015 Galantis Water
20%
2019 Galantis & Yellow Claw We Can Get High
20%
2017 Galantis & Wrabel Written in the Scars
20%
2017 Wrabel Bloodstain Galantis Remix
0%
2020 Galantis & Steve James Bonfire
0%
2017 Galantis Call Me Home
0%
2015 Florence + The Machine Delilah Galantis Remix
0%
2015 Galantis Don't Care
0%
2018 Galantis Emoji
0%
2018 Shift K3Y ft. A*M*E Entirety
0%
2015 Galantis Firebird
0%
2020 Galantis Fuck Tomorrow Now
0%
2017 Galantis Hello
0%
2019 Galantis Holy Water
0%
2012 A-Trak ft. Galantis Jumbo
0%
2016 Galantis Make Me Feel
0%
2018 Galantis Mama Look at Me Now
0%
2016 Youngr Out Of My System Galantis Remix
0%
2016 Galantis Pillow Fight
0%
2017 Galantis Rich Boy
0%
2018 A R I Z O N A Summer Days Galantis Remix
0%
2014 Galantis The Heart That I'm Hearing
0%
2019 Kygo ft. Valerie Broussard Think About You Galantis Remix
0%
No matching quizzes found
Score Distribution
Percent of People with Each Score
Percentile by Number Answered
Your Score History
You have not taken this quiz since the last reset